[Event "Norrbotten op"]
[Site "Norrbotten"]
[Date "2001.01.07"]
[Round "6"]
[White "Eriksson, Roland"]
[Black "Persson, Hans"]
[Result "1-0"]
[WhiteElo "2013"]
[BlackElo "1497"]
[PlyCount "49"]
[EventDate "2001.01.??"]
[EventType "swiss"]
[EventRounds "6"]
[EventCountry "SWE"]
[SourceTitle "CBM 080 Extra"]
[Source "ChessBase"]
[SourceDate "2001.03.08"]
[SourceVersion "1"]
[SourceVersionDate "2001.03.08"]
[SourceQuality "1"]

1. e4 e5 2. Nf3 Nc6 3. Bb5 a6 4. Bxc6 dxc6 5. 0-0 Bg4 6. h3 Bh5 7. g4 Bg6 8. Nxe5 Qh4 9. Qf3 f6 10. Nxg6 hxg6 11. Kg2 0-0-0 12. d3 Bd6 13. Rh1 Ne7 14. Be3 Rdf8 15. Nd2 f5 16. Nc4 fxe4 17. Nxd6+ cxd6 18. Qxe4 Nd5 19. Rae1 Re8 20. Qf3 Rhf8 21. Qg3 Qd8 22. Bd2 g5 23. Rxe8 Rxe8 24. Qf3 Rf8 25. Bxg5 1-0

[Event "Norrbotten op"]
[Site "Norrbotten"]
[Date "2001.01.06"]
[Round "4"]
[White "Asplund, Stig Lennart"]
[Black "Persson, Hans"]
[Result "1-0"]
[WhiteElo "1779"]
[BlackElo "1497"]
[PlyCount "57"]
[EventDate "2001.01.??"]
[EventType "swiss"]
[EventRounds "6"]
[EventCountry "SWE"]
[SourceTitle "CBM 080 Extra"]
[Source "ChessBase"]
[SourceDate "2001.03.08"]
[SourceVersion "1"]
[SourceVersionDate "2001.03.08"]
[SourceQuality "1"]

1. d4 d5 2. c4 e6 3. Nf3 Nf6 4. Bg5 Be7 5. e3 c6 6. Nc3 0-0 7. Rc1 a6 8. cxd5 cxd5 9. Bd3 Nc6 10. 0-0 Nb4 11. Bb1 Nd7 12. Bf4 b5 13. a3 Nc6 14. Nxd5 Bb7 15. Nxe7+ Qxe7 16. Qd3 f5 17. Ba2 Rac8 18. Rfd1 Nf6 19. Qxf5 Nd8 20. Ng5 Kh8 21. Nxe6 Be4 22. Qh3 Nxe6 23. Qxe6 Qb7 24. f3 Bd5 25. Bxd5 Nxd5 26. Be5 Nxe3 27. Bxg7+ Kxg7 28. Qxe3 Rf6 29. Qe4 1-0